000 00977nam a22002177a 4500
999 _c3928
_d3928
005 20251125232749.0
008 s2536 th tha d
040 _aNALT
041 _atha
050 _aHF5549.5.T7 ท293ก 2536
100 0 _aทองฟู ศิริวงศ์
245 1 0 _aการฝึกอบรมและการพัฒนาบุคลากร [2nd]
246 _aPersonnal training and development
260 3 _aกรุงเทพฯ :
_bภาควิชาการจัดการ คณะบริหารธุรกิจ มหาวิทยาลัยเกษตรศาสตร์,
_c2536
300 _a172 หน้า :
_b ภาพประกอบ, ตาราง ;
_c 29 ซม.
650 0 4 _aการฝึกอมรม
850 _aNALT
856 4 0 _uhttps://hdl.handle.net/20.500.14156/443811
_71
942 _cGB
_2lcc
_01
998 _j8
_k นายบัณฑิต อุทาวงค์